000 00550nam a2200193 4500
008 b xx# fre u
010 _a43985/8/90/3-49918/20
020 _a2245029801
020 _a9782245029800
040 _aLB-BrCRDP
082 _aR 034.1/D554
130 0 _lFR
245 1 0 _aDictionnaire encyclopédique Quillet. Supplément A-I, J-Z, A-Z
260 _aParis
_bEdition Quillet
_c1989-1995
300 _a3vol. ;
_c29cm.
650 _aEncyclopédies et dictionnaires
942 _cBK
999 _c11603
_d11603